Cobwebs in Space (Record no. 7112)

MARC details
000 -LEADER
fixed length control field 00376nam a2200157Ia 4500
008 - FIXED-LENGTH DATA ELEMENTS--GENERAL INFORMATION
fixed length control field 230312s9999||||xx |||||||||||||| ||und||
020 ## - INTERNATIONAL STANDARD BOOK NUMBER
International Standard Book Number 81-8253-222-9
082 ## - DEWEY DECIMAL CLASSIFICATION NUMBER
Classification number 811.005
Item number BUS-C
100 ## - MAIN ENTRY--PERSONAL NAME
Personal name Bushra Naqi
245 #0 - TITLE STATEMENT
Title Cobwebs in Space
260 ## - PUBLICATION, DISTRIBUTION, ETC.
Name of publisher, distributor, etc. Kaushambi Kanj
Place of publication, distribution, etc. India
Date of publication, distribution, etc. 2011
300 ## - PHYSICAL DESCRIPTION
Extent 82
546 ## - LANGUAGE NOTE
Language note Eng.
650 ## - SUBJECT ADDED ENTRY--TOPICAL TERM
Topical term or geographic name entry element Literature
Form subdivision Cobwebs in Space
942 ## - ADDED ENTRY ELEMENTS (KOHA)
Koha item type BOOK
Holdings
Withdrawn status Lost status Source of classification or shelving scheme Damaged status Not for loan Home library Current library Date acquired Total Checkouts Full call number Barcode Date due Date last seen Date last checked out Price effective from Koha item type
    Dewey Decimal Classification     Superior Information Resource Center (SIRC) Superior University- Main Campus Superior Information Resource Center (SIRC) Superior University- Main Campus 03/13/2023 2 811.005 BUS-C 7217 11/18/2025 11/11/2025 11/11/2025 03/13/2023 BOOK

Powered by Koha